10 to 1: Product Brands II Quiz Stats

 Plays Quiz Updated Oct 10, 2017

Challenge
Share
Tweet
Embed
Score 0/55 Timer 06:00
18 Plays Today
% Correct
Cap'n Crunch
99.2%
Frosted Flakes
99%
Cheerios
98.9%
Rice Krispies
98.7%
Wheaties
98.4%
Sprite
97.7%
Fanta
97.6%
Apple Jacks
97.4%
Golden Grahams
97.3%
Cream of Wheat
96%
Head & Shoulders
95.3%
MGM Holdings
94.4%
Duracell
93.6%
Pantene
93.4%
Angel Soft
93.1%
Energizer
93%
Warner Bros.
92.9%
Gucci
91.7%
Armani
91.4%
Cottonelle
91.4%
Mello Yello
90.8%
Delta
90.4%
Charmin
90.2%
Goodyear
90.2%
Trix
89.9%
Fresca
89.7%
Michelin
89.6%
Versace
89.2%
% Correct
Prada
89%
Emirates
88.8%
Sony
88.6%
Quilted Northern
88.5%
Walt Disney
88%
Mr. Pibb
87.8%
White Cloud
86.2%
Aeroflot
86.1%
Fox
86.1%
Hugo Boss
86%
Lufthansa
85.6%
Squirt
85.3%
NBCUniversal
85.1%
Suave
83.4%
VO5
82.9%
Tab
82.4%
Clairol
82.1%
Life
78.8%
Paul Mitchell
78%
Scott
77.3%
Paramount
75.9%
Shasta
74.2%
De Beers
73.1%
Redken
72.9%
Dr. Brown's
72.3%
Aussie
71.9%
Rayovac
69.9%

You're not logged in!

Compare scores with friends on all Sporcle quizzes.
Join for Free
OR
Log In

You Might Also Like...

Show Comments

Extras

Top Quizzes Today


Score Distribution

Your Account Isn't Verified!

In order to create a playlist on Sporcle, you need to verify the email address you used during registration. Go to your Sporcle Settings to finish the process.

Report this User

Report this user for behavior that violates our Community Guidelines.

Details: